The Technological imperative in medicine /

Bibliographic Details
Other Authors: Wolf, Stewart, 1914-, Berle, Beatrice Bishop, 1902-1993
Format: Book
Language:English
Published: New York : Plenum Press, [1981]
Subjects:

MARC

Tag First Indicator Second Indicator Subfields
LEADER 00000pam a2200000 a 4500
001 in00000088501
005 20151008065107.0
008 810928s1981 nyua b 10100 eng
010 |a  81017751  
020 |a 0306408899 
035 |a (OCoLC)07876547 
035 |9 AAK5340AM 
039 0 |a 2  |b 3  |c 3  |d 3  |e 3 
040 |a DLC  |c DLC  |d TXA  |d UtOrBLW 
049 |a TXAM  |c [933365] 
050 0 0 |a RA418.5.M4  |b T396 
060 0 |a QT 34 T255 1980 
082 0 |a 362.1/042  |2 19 
245 0 4 |a The Technological imperative in medicine /  |c edited by Stewart Wolf and Beatrice Bishop Berle. 
264 1 |a New York :  |b Plenum Press,  |c [1981] 
264 4 |c ©1981 
300 |a ix, 150 pages :  |b illustrations ;  |c 24 cm. 
336 |a text  |b txt  |2 rdacontent 
337 |a unmediated  |b n  |2 rdamedia 
338 |a volume  |b nc  |2 rdacarrier 
500 |a "Proceedings of a Totts Gap colloquium held June 15-17, 1980 at Totts Gap Medical Research Laboratories, Bangor, Pennsylvania"--Verso title page. 
500 |a Includes index. 
504 |a Bibliography: pages 143-145. 
650 0 |a Medical innovations  |x Social aspects  |x Congresses. 
650 0 |a Medical innovations  |x Economic aspects  |x Congresses. 
650 2 |a Medical Laboratory Science  |x Congresses. 
650 2 |a Biomedical Engineering  |x Congresses. 
700 1 |a Wolf, Stewart,  |d 1914- 
700 1 |a Berle, Beatrice Bishop,  |d 1902-1993. 
999 |a MARS 
999 f f |s 1264a4e3-77f7-391b-afc7-e0aa713c7e49  |i 5aea1cfe-f1ad-35f3-8c86-740df919a019  |t 0 
952 f f |p ric  |a Texas A&M University  |b Rellis Campus  |c Joint Library Facility  |d Remote Storage  |t 0  |e RA418.5.M4 T396  |h Library of Congress classification  |i unmediated -- volume  |m A14806227518 
998 f f |a RA418.5.M4 T396  |t 0  |l Remote Storage